Bharat itihasor bikhaybastu : (Record no. 8893)

MARC details
000 -LEADER
fixed length control field 00529cam a2200205ua 4500
001 - CONTROL NUMBER
control field 9892
005 - DATE AND TIME OF LATEST TRANSACTION
control field 20260515114534.0
008 - FIXED-LENGTH DATA ELEMENTS--GENERAL INFORMATION
fixed length control field 161007n2016 ii |||gr||||Z||||||asm
040 ## - CATALOGING SOURCE
Transcribing agency MAIN
041 ## - LANGUAGE CODE
Language code of text/sound track or separate title asm
082 ## - DEWEY DECIMAL CLASSIFICATION NUMBER
Classification number 954
100 ## - MAIN ENTRY--PERSONAL NAME
Personal name Begum, Chenehi,
Relator term Editor.
245 ## - TITLE STATEMENT
Title Bharat itihasor bikhaybastu :
Remainder of title HS second year /
Statement of responsibility, etc. Ed. by Chenehi Begum .
250 ## - EDITION STATEMENT
Remainder of edition statement V 2.
260 ## - PUBLICATION, DISTRIBUTION, ETC.
Place of publication, distribution, etc. Guwahati
Name of publisher, distributor, etc. AHSEC
Date of publication, distribution, etc. 2016
300 ## - PHYSICAL DESCRIPTION
Extent 142p.
653 ## - INDEX TERM--UNCONTROLLED
Uncontrolled term South Asia India
700 ## - ADDED ENTRY--PERSONAL NAME
Personal name Kalita, ramesh Chandra,
Relator term Translator.
942 ## - ADDED ENTRY ELEMENTS (KOHA)
Koha item type Books
Holdings
Withdrawn status Lost status Damaged status Not for loan Home library Current library Shelving location Date acquired Total checkouts Full call number Barcode Date last seen Date last checked out Copy number Price effective from Koha item type
        Naharkatiya College Library Naharkatiya College Library General stacks 09/19/2020 3 954 | BHA 23359 02/11/2023 01/23/2023 3 09/19/2020 Books
        Naharkatiya College Library Naharkatiya College Library General stacks 09/19/2020 6 954 | BHA 23360 04/29/2026 04/25/2026 2 09/19/2020 Books
        Naharkatiya College Library Naharkatiya College Library General stacks 09/19/2020 4 954 | BHA 23361 10/13/2022 09/29/2022 1 09/19/2020 Books